书目信息 |
| 题名: |
物理学词典
|
|
| 作者: | 蔡诗东 编著 | |
| 分册: | 等离子体物理学分册 | |
| 出版信息: | 北京 科学出版社 1985.7 |
|
| 页数: | 161页 | |
| 开本: | 20cm | |
| 丛书名: | ||
| 单 册: | ||
| 中图分类: | O4-61 | |
| 科图分类: | ||
| 主题词: | 物理学 | |
| 电子资源: | ||
| ISBN: | ||
| 000 | 00626nam0 2200217 45 | |
| 001 | 0312221749 | |
| 005 | 20040923151147.7 | |
| 010 | @dCNY1.60 | |
| 091 | @a17031.212 | |
| 100 | @a20031222d1985 km y0chiy0120 ea | |
| 101 | @achi | |
| 105 | @a z 000yy | |
| 200 | 1 | @a物理学词典@AWu Li Xue Ci Dian@i等离子体物理学分册@f蔡诗东等编著@FCai Shi Dong Deng Bian Zhu |
| 210 | @a北京@c科学出版社@d1985.7 | |
| 215 | @a161页@d20cm | |
| 517 | @a等离子体物理学分册@ADeng Li Zi Ti Wu Li Xue Fen Ce | |
| 606 | 0 | @a物理学 |
| 690 | @aO4-61@v3 | |
| 701 | 0 | @a蔡诗东@4编著 |
| 801 | @aCN@bTSTCL@c20031222 | |
| 905 | @dO4-61@e124@f1@b138560 | |
| 物理学词典.等离子体物理学分册/蔡诗东等编著.-北京:科学出版社,1985.7 |
| 161页;20cm |
| ISBN :CNY1.60 |
| ● |
| 相关链接 |
|
|
|
|
正题名:物理学词典
索取号:O4-61/124
 
预约/预借
| 序号 | 登录号 | 条形码 | 馆藏地/架位号 | 状态 | 备注 |
| 1 | 0138560 | 001962291 | 密集书库/ [索取号:O4-61/124] | 在馆 | |
| 2 | 0138561 | 000393201 | 第二样本阅览室/ [索取号:O4-61/124] | 在馆 |